000 00588nam a22002057a 4500
005 20260429144318.0
008 260429b |||||||| |||| 00| 0 eng d
020 _a9789364527705
_qhb
082 _a344.0554
_bPRA
100 _aPrakash, Shakti
245 _aLaw relating to central armed police forces and AR
260 _aNew Delhi
_bBluerose Publishers
_c2024
300 _a[xviii], 387p. ; 23cm.
653 _aNational security
653 _aPolice services
653 _aArmed Forces
700 _aGautam, Himanshu
700 _aPalli, Rekha [Foreword]
942 _2ddc
_cBK
999 _c53156
_d53156